00596nam a2200169 a 450000100100000000500170001000800410002702000150006804000250008310000300010824500720013826000460021030000190025670000260027595201080030199900170040900003555420200930074428.0111103s1985 mx 000 0 spa d a9682600375 aDO-SdBNPbspacBNPHU1 aCharles J. Dirksen96145400aBiblioteca de publicidad y relaciones públicas /cArthur Kroeger. aMéxico :bEditorial Continental,c1985. av. 2 ;c24 cm.1 aKroeger,Arthur961455 001050718MOaGRbGRcCTd2011-11-03iLF1l0ov. 2p35554-10r2020-06-25w2020-06-25y1ZNo se presta c35045d35045